000 00354nam a22001337a 4500
008 170204b xxu||||| |||| 00| 0 eng d
020 _a0316569518
041 _aeng
080 _a61
100 _a3
101 _aSHM
245 _aBIOMEDICAL BESTIARY: AN EPIDEMIOLOGIC GUIDE TO FLAWS AND FALLACIES IN THE MEDICAL LITERATUR
_cMICHAEL, M
942 _2udc
_cBK
999 _c4601
_d4601